000 01237nam a2200337 i 4500
001 93312
003 ES-MaACL
005 20230906181152.0
007 t|
008 050513s2004 sp ||||1| spa d
020 _a84-8489-144-5 Iberoamericana
020 _a3-86527-141-3 Vervuert
080 _a811.134.2:32
080 _a811.134.2'27
080 _a316.344.32(8=134.2)"18/19"
080 _a316.344.32(460)"18/19"
245 0 3 _aLa batalla del idioma
_b: la intelectualidad hispánica ante la lengua /
_cJosé del Valle, Luis Gabriel-Stheemam (eds.).
260 _aMadrid :
_bIberoamericana ;
_aFrankfurt an Main (Alemania) :
_bVervuert,
_c2004.
300 _a282 p. ;
_c23 cm.
490 1 _aLa casa de la riqueza ;
_v4
650 1 4 _aLengua española-
_xAspectos políticos.
_914127
650 1 4 _aLengua española-
_xAspectos sociales.
_914128
650 4 _aIntelectuales-
_zAmérica Latina-
_vHistoria.
_9163212
650 4 _aIntelectuales-
_zEspaña-
_yS.XIX.
_9154348
650 4 _aIntelectuales-
_zEspaña-
_yS.XX.
_913853
700 1 _aValle, José del.
_9112765
700 1 _aGabriel-Stheeman, Luis.
_953156
830 0 _aLa casa de la riqueza ;
_v4
_9184283
852 _aES-MaACL
_jL-29083
999 _c93312
_d93312